MDQL
is popping MORE tags! Check the
thread
!
Quizzes
Events
Quiz Creation
Community
Videos
Private Events
Remove Ads
Sign In
Join for FREE
Feedback
Dark Mode
Quiz Categories
Sports
Geography
Music
Movies
Television
Just For Fun
Miscellaneous
History
Literature
Language
Science
Gaming
Entertainment
Religion
Holiday
For Kids
Quiz Lab
Recent
Popular Today
Quiz Kudos Today
Editor Picks
Curator Picks
Quizzes by...
Day
Popularity
Type
Ratings
Length
Year
Community
Subscriptions
Recent Discussions
Orange Saloon
Badges
Playlists
Quests
Create
Leaderboards
Showdown
Live 5
Trivia Bingo
Activity
Puzzle Library
Sporcle Events
Private Events
Virtual Trivia
Globe League
Become a Host
Pub Owners
SporcleCon
Opinionation
Our Games
Videos
Blog
Mobile Apps
Partnerships
Remove Ads and Go Orange
Feedback
Movies
Disney
Marvel Cinematic Universe
Movie Resume
Movie Titles
Oscar
Actor
Actress
Director
Pixar
Role
Movie Quotes
Movie Characters
Box Office
Nominee
Best Picture
Star Wars
James Bond
Horror Movies
Movies
Disney
Marvel Cinematic Universe
Movie Resume
Movie Titles
Oscar
Actor
Actress
Director
Pixar
Role
Movie Quotes
Movie Characters
Box Office
Nominee
Best Picture
Star Wars
James Bond
Horror Movies
Random Quiz
Search Sporcle
×
Quiz Lab
Quiz Lab
Movies
Superbad
Type in answers that appear in a list
Type in answers that appear in a list
Classic
Best Score? Go Orange.
Superbad Facts Stats
Can you name the Superbad Facts?
By
jake1192
6m
21 Questions
2,623 Plays
2,623 Plays
2,623 Plays
Comments
Comments
Give Quiz Kudos
Give Quiz Kudos
-
- Ratings
hide this ad
More Info
Replay
Link that replays current quiz
Next Quiz
Link to next quiz in quiz playlist
You Got
0%
They Got
Avg Score
45%
Avg Friend Score
Upgrade to see
Score Distribution
Jump to the score distribution portion of the page
Score
0/21
Timer
06:00
0
Plays Today
Clue
Fact
% Correct
These are our main characters
Seth and Evan
86.6%
The age on Fogell's fake ID
25
81.5%
The girls the main characters are trying to get with
Jules and Becca
77.8%
The Disney character Fogell looks like while wearing his vest
Aladdin
69.3%
College Fogell and Evan will be attending
Dartmouth
67.6%
The name Fogell would have chosen on the fake ID after McLovin
Muhammad
62.6%
Place where Evan's clothes come from, according to Seth
Baby Gap
58.4%
The girly drink Evan must buy
Goldslick
58.2%
The song that Evan sings when he is mistaken for Billy's cousin
These Eyes
50.3%
This is the amount of money Seth is offered after bing hit by a car
$7
50.2%
The number Fogell blows on the breathalizer
.08
47%
Clue
Fact
% Correct
The dessert that Seth makes with Jules
Tiramisu
45.8%
Police officers
Slater and Michaels
36.1%
This kid sits alone at lunch
Steven Glansberg
30.7%
This person spits on Seth and doesn't invite him to his grad party
Jesse
25.6%
This description of a criminal causes some confusion for the police officers
Eminem
24.9%
The reason for Greg's infamy
Peeing his pants
24.9%
Evan's home ec partner
Miroki
20.7%
Type of alcohol Seth smuggles out in laundrey detergent containers
Green beer
17.3%
This is what Slater and 'McLovin' have in common
Organ donors
11.8%
This is the reason Seth hates Becca
He hit her foot with his penis
4.8%
Quiz Playlist
Details
Report
Send in Message
Add To Playlist
More Info:
Great quiz for any Superbad fan!
Classic:
Type in answers that appear in a list
Quiz Source
Last Updated: Feb 16, 2017
Quiz Scoreboard
CHALLENGE
Sign Up to Join the Scoreboard
Show All
Scores
Hide
Comments
May contain spoilers
Recently Published
1-10 Letter E Words III
by El_Dandy
Language
2m
Street Fighter Characters
by Artimus82
Gaming
60s
College Basketball Coaching Resumes
by pancakes188
Sports
9m
More to Explore
Quiz From the Vault
Featured Blog Post
Where Did the Easter Bunny Come From?
hide this ad
You Might Also Like...
Tags
Superbad
Today's Top Quizzes in Movies
Browse Movies
hide this ad
Today's Top Quizzes in Superbad
Browse Superbad
Top Contributed Quizzes in Movies
1
Pick 5 Posters: Directed by Spielberg
2
7-to-1: Pixar Characters
3
Hidden Star Wars Character II
4
Hidden Star Wars Character III
5
Pick 5 Posters: Lowest-Rated Spielberg
6
Hidden Star Wars Character IV
7
Sorting Actresses
8
Sorting Actors
9
Hidden Star Wars Character V
10
Pick 5 Posters: Directed by Scorsese
Explore More
Trending Topics
Harry Potter
Kpop
Crossword
NBA
Disney
Marvel
Anime
WWE
The Office
NFL
Song
Pokémon
Country
Soccer
Puzzle
hide this ad
More By:
jake1192
Quiz
Plays
Rating
Category
Featured
Created
Superbad Facts
2,623
2.40
Movies
Jan 23, 2010
MLB Triple Crown Winners (Decade)
972
3.00
Sports
Jul 29, 2010
Go to Creator's Profile
Score Distribution
Quiz Creator Spotlight
jake1192
Follow
Send a Message
Quizzes Created
-
Created Quiz Play Count
-
More By This Creator
Popular Quizzes Today
1
Find the US States - No Outlines Minefield
2
Find the Countries of Europe - No Outlines Minefield
3
The Countries of the World
4
Find the US States
5
Risky Map Clicking: Biggest States A-Z
6
US States
7
Popular People in 1961
8
Movies - When Are They Set?
More Movies Quizzes
'L' First Word Missing in Two Words Movie Titles
Quiz Lab
Trending Quizzes
Risky Map Clicking: Least Populous States A-Z
1-10 Letter G Words
1-10 Letter F Words
Countries of the World: 200 Million BC
Risky Map Clicking: Next State Alphabetically
Recently Updated
Beyoncé Albums
pecheneg
Leaping Animals
pecheneg
Reality TV Shows (A-Z)
bhenderson79
Rickey Henderson's Hall of Fame Teammates
pecheneg
Champions League XIs: Arsenal
pecheneg
Quick Pick: Celebrities in WWE's Hall of Fame
aduchscher
A-Z Keypad Blitz II
pecheneg
Multiple Oscar Actors
pecheneg
Mystery Phrase Blitz: Oscar 'Best Actors'
pecheneg
F. Scott Fitzgerald Novels
LTH
Trending Topics
Kpop
NBA
Anime
Marvel
Crossword
Harry Potter
Disney
NFL
Song
Soccer
WWE
Puzzle
Country
Pokémon
The Office
Your Account Isn't Verified!
In order to create a playlist on Sporcle, you need to verify the email address you used during registration. Go to your
Sporcle Settings
to finish the process.
Report this User
Report this user for behavior that violates our
Community Guidelines
.
Details:
Send Report
Go to the Sporcle.com Mobile Site →
Comments